Akureyri - Aitana, Sebastián Yatra - Estadísticas

Estadísticas generales
  • Esta prueba ha sido intentada 64 veces
  • La puntuación promedio es 212 de 265
Estadísticas de respuestas
Letra % Correcto
a
100%
A
100%
mi
100%
Mi
100%
más
96%
no
96%
que
96%
qué
96%
Que
96%
Tu
96%
tu
96%
96%
96%
al
93%
es
93%
te
93%
Te
93%
y
93%
Y
93%
de
89%
el
89%
En
89%
en
89%
esta
89%
lo
89%
Si
89%
ti
89%
yo
89%
con
85%
da
85%
me
85%
noche
85%
queda
85%
un
85%
una
85%
Una
85%
Akureyri
81%
cielo
81%
dormir
81%
lado
81%
mirando
81%
para
81%
pero
81%
Pero
81%
se
81%
ni
78%
poco
78%
sentí
78%
soñar
78%
soy
78%
tus
78%
vez
78%
aunque
74%
aurora
74%
cama
74%
capaz
74%
Cuéntame
74%
fantasear
74%
llega
74%
miré
74%
mucho
74%
quédate
74%
seré
74%
Sonríeme
74%
abrázame
70%
abrigo
70%
alargar
70%
contigo
70%
decir
70%
dolor
70%
Esperando
70%
estamos
70%
estás
70%
frío
70%
importa
70%
luz
70%
Nos
70%
nos
70%
ojos
70%
Pásame
70%
puedes
70%
Quedamos
70%
sofá
70%
verdes
70%
brille
67%
cueste
67%
encontraré
67%
esa
67%
gris
67%
hablarlo
67%
juntos
67%
mañana
67%
nunca
67%
Nunca
67%
olvidar
67%
tiempo
67%
alumbras
63%
buena
63%
culpa
63%
hasta
63%
Hasta
63%
irá
63%
nadie
63%
despierto
59%
extrañaré
59%
final
59%
fue
59%
acompañará
56%
almohada
56%
brazo
56%
pensé
56%
reaccionaste
52%
tuvo
52%
besaste
48%
azul
44%
labios
44%
rosados
44%
unos
44%
laguna
33%
veo
26%
No se encontraron pruebas coincidentes
Distribución de puntuación
Porcentaje de gente con cada puntuación
Porcentaje por número respondido
Historial de tus puntuaciones
No has intentado esta prueba.